000 00362nam a2200121Ia 4500
008 230822s2008 xx 000 0 und d
020 _a0-7148-4102-1
041 _aeng
100 _aDREW PHILIP
245 _aTHE MUSEUM OF MODERN ART GUNMA- GUNMA PREFECTURE 1971-4(TWENTIETH CENTURY MUSEUMS II ARATA LSOZAKI)
260 _bPHAIDON PRESS LTD
_c2008
300 _a1
999 _c858045
_d858045